[Event "GER-chT U14 Girls"]
[Site "Gross Doelln"]
[Date "2010.12.30"]
[Round "7.2"]
[White "Buerger, Jessica"]
[Black "Simon, Tessa"]
[Result "1/2-1/2"]
[WhiteElo "1318"]
[BlackElo "1241"]
[PlyCount "56"]
[EventDate "2010.12.27"]
[EventType "team-swiss"]
[EventRounds "7"]
[EventCountry "GER"]
[SourceTitle "CBM 140 Extra"]
[Source "ChessBase"]
[SourceDate "2011.03.01"]
[SourceVersion "1"]
[SourceVersionDate "2011.03.01"]
[SourceQuality "1"]
[WhiteTeam "Paderborn"]
[BlackTeam "Muldental Wilkau Hasslau"]
[WhiteTeamCountry "GER"]
[BlackTeamCountry "GER"]

1. e4 e5 2. Nf3 d6 3. h3 Be7 4. Nc3 Nf6 5. Bc4 0-0 6. d3 a6 7. 0-0 c5 8. Be3 b5 9. Bb3 Bb7 10. a3 Nc6 11. Qe2 Nd4 12. Bxd4 exd4 13. Nd5 Nxd5 14. Bxd5 Bxd5 15. exd5 Re8 16. Qd2 Qc7 17. c4 Qb7 18. Rfe1 Bf6 19. Qf4 Qc7 20. Rac1 Be5 21. Qg4 Qc8 22. Qxc8 Raxc8 23. Rc2 Bf6 24. Rce2 Rxe2 25. Rxe2 Kf8 26. Nd2 Re8 27. Ne4 Be5 28. Kf1 h6 1/2-1/2